000 00651nam a2200229Ia 4500
003 OSt
005 20220928104220.0
006 a|||||r|||| 00| 0
007 ta
008 220927b |||||||| |||| 00| 0 eng d
024 _a32909
037 _cTextual
040 _aSDCL
_cSDCL
_beng
041 _2eng
_aeng
082 _aO152,3N243:g, P9
100 _aShukla Aruna Rajender
_9409658
245 0 _aHindi upanyas k vikas mein Naresh Mehta ka avdan.
260 _aNew Delhi
_bClassical Publishing
_c2009
300 _a272p.
_ccm.
942 _hO152,3N243:g, P9
_cTEXL
_2CC
999 _c725222
_d725222